|
|
|
|
| LEADER |
00000nab a2200000 a 4500 |
| 001 |
vtls009469782 |
| 003 |
SK-MaSNL |
| 005 |
20260304205231.0 |
| 008 |
140403c2008 xo |r|p|||||||000 b|slo |
| 015 |
|
|
|a SNBRB2009/02
|2 snkbucl
|
| 038 |
|
|
|a SNKBUCL
|
| 040 |
|
|
|a SNKBUCL
|b slo
|c SNKBUCL
|e AACR2
|
| 041 |
0 |
|
|a slo
|
| 044 |
|
|
|a xo
|c SK
|
| 080 |
|
|
|a 82:929:821.162.4
|2 2001
|
| 080 |
|
|
|a 821.162.4:929
|2 2001
|
| 080 |
|
|
|a 027.1
|2 2001
|
| 080 |
|
|
|a 028
|2 2001
|
| 100 |
1 |
|
|a Havrila, Otto,
|d 1963-
|4 aut
|9 167397
|
| 245 |
1 |
0 |
|a V maličkej knižnici Rudolfa Slobodu sa zachovalo ...
|c Otto Havrila
|
| 500 |
|
|
|a Pod spoločným názvom Rudolf Sloboda: Čitateľské poznámky
|
| 500 |
|
|
|a Redakčná poznámka
|
| 600 |
1 |
7 |
|a Sloboda, Rudolf,
|d 1938-1995
|2 snkbucl
|9 101482
|
| 650 |
0 |
7 |
|a osobné knižnice
|2 snkbucl
|9 81621
|
| 773 |
0 |
|
|t Fragment
|g Roč. XXII, č. 1-2 (2008), s. 158-159
|x 1336-4316
|
| 852 |
|
|
|a SNK
|b KIS3GCP
|
| 958 |
|
|
|a LX
|
| 958 |
|
|
|a SK
|
| 958 |
|
|
|a KL
|
| 999 |
|
|
|c 3119821
|d 3121751
|